FNAF MOVIE ANIMATRONICS - Statistiques

Statistiques générales
  • Ce quiz a été pris 60 fois
  • Le résultat moyen est 8 sur 11
Statistiques - réponses
Par images Réponse % Correct
Chica
100%
Freddy
100%
Bonnie
98%
Foxy
98%
Golden Freddy
88%
Cupcake
85%
Springtrap
77%
Spring Bonnie
67%
Shadow Freddy
54%
Sparky
21%
Hella
0%
Aucun quiz correspondant
Distribution des résultats
% des personnes avec chaque résultat
Percentile par nombre de réponses
Votre historique - résultats
Vous n’avez pas pris ce quiz